000 00528nam a2200181Ia 4500
001 23131
005 20260414150917.0
008 260414t2017||||xx |||||||||||||| ||spa||
041 _aESP
082 _a624.18341
_bD89
100 _aDonini, Hugo Juan
_eAUT
245 0 _aAnálisis de las patologías en las estructuras de hormigón armado :
_bcausas, inspección, diagnóstico, refuerzo y reparación
260 _c2017
300 _av, 544 páginas :
_c28 cm.
650 _a0
654 _aCIC
942 _cLIB
_dJUS
_fJUS
_2ddc
_n
999 _c23131
_d23131